000 00549nam a22001577a 4500
008 210622b ||||| |||| 00| 0 eng d
020 _a 9781451470024
050 _aBS2589
_b.M44 2013
100 _a McWhirter, Jocelyn.
245 _aRejected prophets :
_bJesus and his witnesses in Luke-Acts /
_cJocelyn McWhirter.
260 _aMinneapolis :
_b Fortress Press,
_c2013
300 _a x, 144 pages ;
_c23 cm
500 _aIncludes bibliographical references and indexes.
650 _aBible. Luke
_xCriticism, interpretation,
942 _2lcc
_cBK
999 _c56362
_d56362